000 00649nam a2200241Ia 4500
003 OSt
005 20221005120633.0
006 a|||||r|||| 00| 0
007 ta
008 221004b |||||||| |||| 00| 0 mal d
024 _a55866
037 _cTextual
040 _aCRL
_cCRL
_bmal
041 _2mal
_amal
082 _aO32,2N181w,1, M6
100 _aNair T. N. Gopinathan Au.
_9591439
245 0 _aEnte albam - II
260 _c1986
650 _a MALAYALAM LITERATURE
_938866
650 _aMALAYALAM DRAMA
_9207189
942 _hO32,2N181w,1, M6
_cTEXL
_2cc
999 _c1038633
_d1038633